Are You Smarter Than a College Student? XXVIII Quiz Stats

 Plays Quiz Updated Apr 4, 2016

Score 0/30 Timer 07:00
10 Plays Today
Hint Answer % Correct
EasyNoah
97.6%
Easynocturnal
93.4%
Easynoon
93.3%
EasyNorway
93.2%
EasyNovember
87.3%
EasyNormandy
86.3%
Easynose job
85.8%
EasyNorton
85.5%
EasyNotre-Dame
84.7%
EasyNokia
77.3%
MediumNorth Carolina
72.5%
Mediumnougat
70.7%
MediumNotting Hill
68.6%
MediumNoël
66.4%
MediumNostradamus
63.1%
Hint Answer % Correct
Mediumnonagon
57.9%
Mediumnobelium
57.6%
MediumNova Scotia
53.9%
MediumNordstrom
48.8%
MediumNoriega
43.8%
HardNome
39.7%
Hardnovocaine
39.4%
HardNolan Ryan
38.9%
HardNorah Jones
33.4%
Hardnormal
26.7%
HardNorwich City
26.7%
Hardnon sequitur
26.1%
HardNostromo
13.4%
HardNouakchott
10.4%
HardNoises Off
9.9%

You're not logged in!

Compare scores with friends on all Sporcle quizzes.
OR
Log In

You Might Also Like...

Show Comments

Extras

Top Quizzes Today


Score Distribution

Your Account Isn't Verified!

In order to create a playlist on Sporcle, you need to verify the email address you used during registration. Go to your Sporcle Settings to finish the process.

Report this User

Report this user for behavior that violates our Community Guidelines.

Details: